00481nam a22001577a 4500020001800000040000900018082001600027100002500043110002800068245002700096260003000123650003400153942001200187999001900199952010500218 a9789812548948 cNUST a620.112 PYT aPytel, Andrew920970 aKiusalaas, Jaan9113955 aMechanics of Materials aChennai:bThomson,c2003. aMechanics of Materials961267 2ddccBK c595373d595373 00102ddc4070aCEMEbCEMEcGENd2023-08-04l0o620.112 PYTpCEME-42050r2023-08-04w2023-08-04yBK